000 01521nam a2200457 i 4500
001 36989
003 KOSZ 005
005 20220311112439.0
008 981118s1985 pl a |000 0 pol
015 _aUWD 1985/4195
020 _a8302002828
035 _a991008206949705066
035 _a(PL-WaBN)b12114571-48omnis_nlop
035 _ab12114571
035 _a(OCoLC)750771002
035 _a(PL)b0000001211457
035 _a(EXLNZ-48OMNIS_NETWORK)9910221621205606
040 _aWA N
_cWA N
_dKR U
_dKOSZ 005/HR
041 0 _apol
080 _a72.01
080 _a(075.3)
100 1 _aCharytonow, Edward
_eAutor
245 1 0 _aProjektowanie architektoniczne /
_cEdward Charytonow.
250 _a[Wyd. 5 zaktualiz.].
260 _aWarszawa :
_bWydawnictwa Szkolne i Pedagogiczne,
_c1985.
300 _a458, [1] s. :
_bmapa, pl., rys., wykr. ;
_c24 cm.
336 _aTekst
_btxt
_2rdacontent
337 _aBez urządzenia pośredniczącego
_bn
_2rdamedia
338 _aWolumin
_bnc
_2rdacarrier
380 _aKsiążki
388 _a1901-2000
388 _a1945-1989
504 _aBibliogr. s. 458-[459].
650 7 _aProjektowanie architektoniczne
655 7 _aPodręczniki dla szkół zawodowych
_2DBN
658 _aArchitektura i budownictwo
710 2 _aWydawnictwa Szkolne i Pedagogiczne
_4pbl
856 _uhttp://koha.tu.koszalin.pl/cgi-bin/koha/opac-detail.pl?biblionumber=36989
_yKatalog online BPK
942 _2UKD
_cKS
999 _c36989
_d36989